000 00618nam a2200169 i 4500
001 79636
003 ES-MaACL
005 20230906174023.0
007 t|
008 041022s1974 sp ||||1| spa d
100 1 _aHerrera Casado, Antonio.
_963214
245 1 0 _aMonasterios y conventos en la provincia de Guadalajara
_b: (apuntes para su historia) /
_cpor Antonio Herrera Casado.
260 _aGuadalajara :
_bInstitucion Provincial de Cultura "Marques de Santillana",
_c1974.
300 _a325 p. :
_bil. ;
_c24 cm.
650 4 _aMonasterios-
_zGuadalajara (Provincia)
_9157606
852 _aES-MaACL
_jE-5296
_bR.89510
999 _c79636
_d79636